LIBRARY & INFORMATION CENTRE, KCAET, TAVANUR

ONLINE PUBLIC ACCESS CATALOGUE (OPAC)

Constitutive relations for soils / (Record no. 10396)

MARC details
000 -LEADER
fixed length control field 00429cam a2200169ua 4500
003 - CONTROL NUMBER IDENTIFIER
control field OSt
008 - FIXED-LENGTH DATA ELEMENTS--GENERAL INFORMATION
fixed length control field 250405b |||||||| |||| 00| 0 eng d
041 ## - LANGUAGE CODE
Language code of text/sound track or separate title eng
082 ## - DEWEY DECIMAL CLASSIFICATION NUMBER
Classification number 624.15136
Item number GUD/CO
100 ## - MAIN ENTRY--AUTHOR NAME
Personal name Gudehus, G .
245 ## - TITLE STATEMENT
Title Constitutive relations for soils /
260 ## - PUBLICATION, DISTRIBUTION, ETC. (IMPRINT)
Place of publication USA :
Name of publisher A A Balkema ,
Year of publication 1982.
300 ## - PHYSICAL DESCRIPTION
Number of Pages 497 ; .
700 1# - ADDED ENTRY--PERSONAL NAME
Personal name Darve, F .
700 1# - ADDED ENTRY--PERSONAL NAME
Personal name Vardoulakis, L .
942 ## - ADDED ENTRY ELEMENTS (KOHA)
Koha item type Books
Holdings
Withdrawn status Lost status Damaged status Home library Current library Date acquired Full call number Accession Number Koha item type
      KAUAET KAUAET 20/08/1986 624.15136 GUD/CO 15417 Books
free website counter